000 004070000a22001690004500
003 MACL
005 20150704145636.0
008 150704b xxu||||| |||| 00| 0 eng d
040 _aMACL
_cMACL
041 _aEnglish
100 _aSarkar, Dr. Subhas
_9603
245 _aA Global Syllabus
260 _bSparrow Publication
_c2007
_aKolkata
350 _a400
650 _aSociology
_919
942 _cBK
_k300
_2ddc
999 _c8861
_d8861